Securing Rights for Victims (Record no. 352521)
[ view plain ]
| 000 -LEADER | |
|---|---|
| fixed length control field | 00614nam a2200133Ia 4500 |
| 008 - FIXED-LENGTH DATA ELEMENTS--GENERAL INFORMATION | |
| fixed length control field | 171212s9999 xx 000 0 und d |
| 020 ## - INTERNATIONAL STANDARD BOOK NUMBER | |
| International Standard Book Number | 9780833048905 |
| 100 ## - MAIN ENTRY--PERSONAL NAME | |
| Personal name | Davis, Robert C.;Anderson, James M.;Whitman, Julie;Howley, Susan |
| 245 ## - TITLE STATEMENT | |
| Statement of responsibility, etc | Davis, Robert C.;Anderson, James M.;Whitman, Julie;Howley, Susan |
| Title | Securing Rights for Victims |
| Remainder of title | A Process Evaluation of the National Crime Victim Law Institute's Victims' Rights Clinics |
| 260 ## - PUBLICATION, DISTRIBUTION, ETC. (IMPRINT) | |
| Name of publisher, distributor, etc | RAND Corporation |
| Date of publication, distribution, etc | 2009 |
| 650 ## - SUBJECT ADDED ENTRY--TOPICAL TERM | |
| Topical term or geographic name as entry element | Law |
| 650 ## - SUBJECT ADDED ENTRY--TOPICAL TERM | |
| Topical term or geographic name as entry element | Victims of crimes -- Legal status, laws, etc. -- United States |
| 856 ## - ELECTRONIC LOCATION AND ACCESS | |
| Uniform Resource Identifier | <a href="www.jstor.org/stable/10.7249/mg930nij">www.jstor.org/stable/10.7249/mg930nij</a> |
| Withdrawn status | Lost status | Damaged status | Home library | Current library | Date acquired | Total Checkouts | Full call number | Date last seen | Price effective from | Koha item type |
|---|---|---|---|---|---|---|---|---|---|---|
| College Library | College Library | 12/12/2017 | KF9763.S43 2009 | 12/12/2017 | 12/12/2017 | Curriculum - Based eBooks |